Hennepin County Cities (Map) - Statistics

General Stats
  • This quiz has been taken 49 times
  • The average score is 24 of 45
Answers on the Map
Answers color-coded by a green-red scale on the quiz's map according to % correct below.
 
Answer Stats
Answer % Correct
Minneapolis
95%
Plymouth
86%
Bloomington
81%
St Louis Park
81%
Brooklyn Center
76%
Brooklyn Park
76%
Golden Valley
76%
Maple Grove
76%
Minnetonka
76%
Wayzata
76%
Edina
71%
Richfield
71%
Orono
67%
Eden Prairie
62%
Excelsior
62%
Hopkins
62%
Champlin
57%
Crystal
57%
Medicine Lake
57%
Medina
57%
Minnetonka Beach
52%
Mound
52%
New Hope
52%
Robbinsdale
52%
Corcoran
43%
Dayton
43%
Long Lake
43%
Minnetrista
43%
Osseo
43%
Rockford
43%
Rogers
43%
Woodland
43%
Woodland
43%
Deephaven
38%
Greenwood
38%
Independence
38%
Saint Bonifacius
38%
Shorewood
38%
Bdote/Fort Snelling
33%
Spring Park
33%
Tonka Bay
33%
Greenfield
29%
Loretto
29%
Hanover
24%
Maple Plain
24%
No matching quizzes found
Score Distribution
Percent of People with Each Score
Percentile by Number Answered
Your Score History
You have not taken this quiz